<?xml version="1.0" encoding="UTF-8"?>
<record
    xmlns:xsi="http://www.w3.org/2001/XMLSchema-instance"
    xsi:schemaLocation="http://www.loc.gov/MARC21/slim http://www.loc.gov/standards/marcxml/schema/MARC21slim.xsd"
    xmlns="http://www.loc.gov/MARC21/slim">

  <leader>01425na  a2200361   4500</leader>
  <controlfield tag="001">17083</controlfield>
  <controlfield tag="003">MIRAKIL</controlfield>
  <controlfield tag="005">20181213154918.0</controlfield>
  <controlfield tag="008">161111b        tu            000 0      </controlfield>
  <datafield tag="035" ind1=" " ind2=" ">
    <subfield code="a">17083</subfield>
  </datafield>
  <datafield tag="040" ind1=" " ind2=" ">
    <subfield code="a">Milas</subfield>
    <subfield code="b">tur</subfield>
    <subfield code="c">TR-AnCHP</subfield>
  </datafield>
  <datafield tag="041" ind1=" " ind2=" ">
    <subfield code="a">tur</subfield>
  </datafield>
  <datafield tag="082" ind1=" " ind2=" ">
    <subfield code="a">CHP 328.331</subfield>
    <subfield code="b">C36s [2016?]</subfield>
  </datafield>
  <datafield tag="090" ind1=" " ind2=" ">
    <subfield code="a">CHP 328.331 C36s [2016?]</subfield>
  </datafield>
  <datafield tag="110" ind1=" " ind2=" ">
    <subfield code="a">Cumhuriyet Halk Partisi (CHP)</subfield>
    <subfield code="b">TBMM Grup Ba&#x15F;kanl&#x131;&#x11F;&#x131;</subfield>
  </datafield>
  <datafield tag="240" ind1=" " ind2=" ">
    <subfield code="a">Yaz&#x131;l&#x131; soru &#xF6;nergeleri</subfield>
  </datafield>
  <datafield tag="245" ind1=" " ind2=" ">
    <subfield code="a">Av. Dr. Sezgin Tanr&#x131;kulu</subfield>
    <subfield code="b">sahibi oldu&#x11F;u yaz&#x131;l&#x131; soru &#xF6;nergeleri</subfield>
    <subfield code="c">[derleyen] CHP</subfield>
  </datafield>
  <datafield tag="246" ind1=" " ind2=" ">
    <subfield code="a">Sezgin Tanr&#x131;kulu'nun sahibi oldu&#x11F;u yaz&#x131;l&#x131; soru &#xF6;nergeleri</subfield>
  </datafield>
  <datafield tag="260" ind1=" " ind2=" ">
    <subfield code="a">[Ankara]</subfield>
    <subfield code="b">[CHP]</subfield>
    <subfield code="c">[2016?]</subfield>
  </datafield>
  <datafield tag="300" ind1=" " ind2=" ">
    <subfield code="a">c.</subfield>
    <subfield code="b">res.</subfield>
    <subfield code="c">30 sm.</subfield>
  </datafield>
  <datafield tag="490" ind1=" " ind2=" ">
    <subfield code="a">Cumhuriyet Halk Partisi yay&#x131;nlar&#x131;</subfield>
  </datafield>
  <datafield tag="500" ind1=" " ind2=" ">
    <subfield code="a">D&#x131;&#x15F; kapakta tamamlay&#x131;c&#x131; yap&#x131;t ad&#x131; : 24. d&#xF6;nem TBMM yasama &#xE7;al&#x131;&#x15F;malar&#x131;: (Yasama soru bankas&#x131;)</subfield>
  </datafield>
  <datafield tag="600" ind1=" " ind2=" ">
    <subfield code="a">Tanr&#x131;kulu, M. Sezgin</subfield>
    <subfield code="x">Meclis &#xE7;al&#x131;&#x15F;malar&#x131;</subfield>
  </datafield>
  <datafield tag="600" ind1=" " ind2=" ">
    <subfield code="a">Tanr&#x131;kulu, M. Sezgin</subfield>
    <subfield code="c">Av. Dr. </subfield>
    <subfield code="c">CHP &#x130;stanbul Milletvekili</subfield>
    <subfield code="x">Soru &#xF6;nergeleri</subfield>
    <subfield code="y">TBMM, 24. D&#xF6;nem</subfield>
  </datafield>
  <datafield tag="610" ind1=" " ind2=" ">
    <subfield code="a">TBMM</subfield>
    <subfield code="x">Soru &#xF6;nergeleri</subfield>
  </datafield>
  <datafield tag="610" ind1=" " ind2=" ">
    <subfield code="a">Cumhuriyet Halk Partisi (CHP)</subfield>
    <subfield code="x">Soru &#xF6;nergeleri</subfield>
    <subfield code="y">TBMM, 24. D&#xF6;nem</subfield>
  </datafield>
  <datafield tag="650" ind1=" " ind2=" ">
    <subfield code="a">Soru &#xF6;nergeleri</subfield>
  </datafield>
  <datafield tag="657" ind1=" " ind2=" ">
    <subfield code="a">CHP yaz&#x131;l&#x131; soru &#xF6;nergeleri</subfield>
  </datafield>
  <datafield tag="740" ind1=" " ind2=" ">
    <subfield code="a">TBMM Yasama soru bankas&#x131;</subfield>
  </datafield>
  <datafield tag="740" ind1=" " ind2=" ">
    <subfield code="a">24. d&#xF6;nem TBM yasama &#xE7;al&#x131;&#x15F;malar&#x131; (Yasama Soru bankas&#x131;)</subfield>
  </datafield>
  <datafield tag="830" ind1=" " ind2=" ">
    <subfield code="a">CHP yay&#x131;nlar&#x131;</subfield>
  </datafield>
  <datafield tag="942" ind1=" " ind2=" ">
    <subfield code="2">dcc</subfield>
    <subfield code="c">BKS</subfield>
  </datafield>
  <datafield tag="952" ind1=" " ind2=" ">
    <subfield code="a">0001</subfield>
    <subfield code="b">0001</subfield>
    <subfield code="d">2016-10-22</subfield>
    <subfield code="e">2</subfield>
    <subfield code="h">c.19</subfield>
    <subfield code="l">0</subfield>
    <subfield code="o">CHP 328.331 C36s [2016?]</subfield>
    <subfield code="p">007514</subfield>
    <subfield code="r">2016-10-22 00:00:00</subfield>
    <subfield code="v">0.00</subfield>
    <subfield code="w">2016-10-22</subfield>
    <subfield code="y">BKS</subfield>
  </datafield>
  <datafield tag="952" ind1=" " ind2=" ">
    <subfield code="a">0001</subfield>
    <subfield code="b">0001</subfield>
    <subfield code="d">2016-10-22</subfield>
    <subfield code="e">2</subfield>
    <subfield code="l">0</subfield>
    <subfield code="o">CHP 328.331 C36s [2016?]</subfield>
    <subfield code="p">007515</subfield>
    <subfield code="r">2016-10-22 00:00:00</subfield>
    <subfield code="v">0.00</subfield>
    <subfield code="w">2016-10-22</subfield>
    <subfield code="y">BKS</subfield>
  </datafield>
  <datafield tag="952" ind1=" " ind2=" ">
    <subfield code="a">0001</subfield>
    <subfield code="b">0001</subfield>
    <subfield code="d">2016-10-22</subfield>
    <subfield code="e">2</subfield>
    <subfield code="h">c.2</subfield>
    <subfield code="l">0</subfield>
    <subfield code="o">CHP 328.331 C36s [2016?]</subfield>
    <subfield code="p">007516</subfield>
    <subfield code="r">2016-10-22 00:00:00</subfield>
    <subfield code="v">0.00</subfield>
    <subfield code="w">2016-10-22</subfield>
    <subfield code="y">BKS</subfield>
  </datafield>
  <datafield tag="952" ind1=" " ind2=" ">
    <subfield code="a">0001</subfield>
    <subfield code="b">0001</subfield>
    <subfield code="d">2016-10-22</subfield>
    <subfield code="e">2</subfield>
    <subfield code="h">c.3</subfield>
    <subfield code="l">0</subfield>
    <subfield code="o">CHP 328.331 C36s [2016?]</subfield>
    <subfield code="p">007517</subfield>
    <subfield code="r">2016-10-22 00:00:00</subfield>
    <subfield code="v">0.00</subfield>
    <subfield code="w">2016-10-22</subfield>
    <subfield code="y">BKS</subfield>
  </datafield>
  <datafield tag="952" ind1=" " ind2=" ">
    <subfield code="a">0001</subfield>
    <subfield code="b">0001</subfield>
    <subfield code="d">2016-10-22</subfield>
    <subfield code="e">2</subfield>
    <subfield code="h">c.4</subfield>
    <subfield code="l">0</subfield>
    <subfield code="o">CHP 328.331 C36s [2016?]</subfield>
    <subfield code="p">007518</subfield>
    <subfield code="r">2016-10-22 00:00:00</subfield>
    <subfield code="v">0.00</subfield>
    <subfield code="w">2016-10-22</subfield>
    <subfield code="y">BKS</subfield>
  </datafield>
  <datafield tag="952" ind1=" " ind2=" ">
    <subfield code="a">0001</subfield>
    <subfield code="b">0001</subfield>
    <subfield code="d">2016-10-22</subfield>
    <subfield code="e">2</subfield>
    <subfield code="h">c.5</subfield>
    <subfield code="l">0</subfield>
    <subfield code="o">CHP 328.331 C36s [2016?]</subfield>
    <subfield code="p">007519</subfield>
    <subfield code="r">2016-10-22 00:00:00</subfield>
    <subfield code="v">0.00</subfield>
    <subfield code="w">2016-10-22</subfield>
    <subfield code="y">BKS</subfield>
  </datafield>
  <datafield tag="952" ind1=" " ind2=" ">
    <subfield code="a">0001</subfield>
    <subfield code="b">0001</subfield>
    <subfield code="d">2016-10-22</subfield>
    <subfield code="e">2</subfield>
    <subfield code="h">c.6</subfield>
    <subfield code="l">0</subfield>
    <subfield code="o">CHP 328.331 C36s [2016?]</subfield>
    <subfield code="p">007520</subfield>
    <subfield code="r">2016-10-22 00:00:00</subfield>
    <subfield code="v">0.00</subfield>
    <subfield code="w">2016-10-22</subfield>
    <subfield code="y">BKS</subfield>
  </datafield>
  <datafield tag="952" ind1=" " ind2=" ">
    <subfield code="a">0001</subfield>
    <subfield code="b">0001</subfield>
    <subfield code="d">2016-10-22</subfield>
    <subfield code="e">2</subfield>
    <subfield code="h">c.7</subfield>
    <subfield code="l">0</subfield>
    <subfield code="o">CHP 328.331 C36s [2016?]</subfield>
    <subfield code="p">007521</subfield>
    <subfield code="r">2016-10-22 00:00:00</subfield>
    <subfield code="v">0.00</subfield>
    <subfield code="w">2016-10-22</subfield>
    <subfield code="y">BKS</subfield>
  </datafield>
  <datafield tag="952" ind1=" " ind2=" ">
    <subfield code="a">0001</subfield>
    <subfield code="b">0001</subfield>
    <subfield code="d">2016-10-22</subfield>
    <subfield code="e">2</subfield>
    <subfield code="h">c.8</subfield>
    <subfield code="l">0</subfield>
    <subfield code="o">CHP 328.331 C36s [2016?]</subfield>
    <subfield code="p">007522</subfield>
    <subfield code="r">2016-10-22 00:00:00</subfield>
    <subfield code="v">0.00</subfield>
    <subfield code="w">2016-10-22</subfield>
    <subfield code="y">BKS</subfield>
  </datafield>
  <datafield tag="952" ind1=" " ind2=" ">
    <subfield code="a">0001</subfield>
    <subfield code="b">0001</subfield>
    <subfield code="d">2016-10-22</subfield>
    <subfield code="e">2</subfield>
    <subfield code="l">0</subfield>
    <subfield code="o">CHP 328.331 C36s [2016?]</subfield>
    <subfield code="p">007523</subfield>
    <subfield code="r">2016-10-22 00:00:00</subfield>
    <subfield code="v">0.00</subfield>
    <subfield code="w">2016-10-22</subfield>
    <subfield code="y">BKS</subfield>
  </datafield>
  <datafield tag="952" ind1=" " ind2=" ">
    <subfield code="a">0001</subfield>
    <subfield code="b">0001</subfield>
    <subfield code="d">2016-10-22</subfield>
    <subfield code="e">2</subfield>
    <subfield code="h">c.10</subfield>
    <subfield code="l">0</subfield>
    <subfield code="o">CHP 328.331 C36s [2016?]</subfield>
    <subfield code="p">007524</subfield>
    <subfield code="r">2016-10-22 00:00:00</subfield>
    <subfield code="v">0.00</subfield>
    <subfield code="w">2016-10-22</subfield>
    <subfield code="y">BKS</subfield>
  </datafield>
  <datafield tag="952" ind1=" " ind2=" ">
    <subfield code="a">0001</subfield>
    <subfield code="b">0001</subfield>
    <subfield code="d">2016-10-22</subfield>
    <subfield code="e">2</subfield>
    <subfield code="h">c.12</subfield>
    <subfield code="l">0</subfield>
    <subfield code="o">CHP 328.331 C36s [2016?]</subfield>
    <subfield code="p">007525</subfield>
    <subfield code="r">2016-10-22 00:00:00</subfield>
    <subfield code="v">0.00</subfield>
    <subfield code="w">2016-10-22</subfield>
    <subfield code="y">BKS</subfield>
  </datafield>
  <datafield tag="952" ind1=" " ind2=" ">
    <subfield code="a">0001</subfield>
    <subfield code="b">0001</subfield>
    <subfield code="d">2016-10-22</subfield>
    <subfield code="e">2</subfield>
    <subfield code="h">c.13</subfield>
    <subfield code="l">0</subfield>
    <subfield code="o">CHP 328.331 C36s [2016?]</subfield>
    <subfield code="p">007526</subfield>
    <subfield code="r">2016-10-22 00:00:00</subfield>
    <subfield code="v">0.00</subfield>
    <subfield code="w">2016-10-22</subfield>
    <subfield code="y">BKS</subfield>
  </datafield>
  <datafield tag="952" ind1=" " ind2=" ">
    <subfield code="a">0001</subfield>
    <subfield code="b">0001</subfield>
    <subfield code="d">2016-10-22</subfield>
    <subfield code="e">2</subfield>
    <subfield code="h">c.14</subfield>
    <subfield code="l">0</subfield>
    <subfield code="o">CHP 328.331 C36s [2016?]</subfield>
    <subfield code="p">007527</subfield>
    <subfield code="r">2016-10-22 00:00:00</subfield>
    <subfield code="v">0.00</subfield>
    <subfield code="w">2016-10-22</subfield>
    <subfield code="y">BKS</subfield>
  </datafield>
  <datafield tag="952" ind1=" " ind2=" ">
    <subfield code="a">0001</subfield>
    <subfield code="b">0001</subfield>
    <subfield code="d">2016-10-22</subfield>
    <subfield code="e">2</subfield>
    <subfield code="h">c.15</subfield>
    <subfield code="l">0</subfield>
    <subfield code="o">CHP 328.331 C36s [2016?]</subfield>
    <subfield code="p">007528</subfield>
    <subfield code="r">2016-10-22 00:00:00</subfield>
    <subfield code="v">0.00</subfield>
    <subfield code="w">2016-10-22</subfield>
    <subfield code="y">BKS</subfield>
  </datafield>
  <datafield tag="999" ind1=" " ind2=" ">
    <subfield code="c">3046</subfield>
    <subfield code="d">3046</subfield>
  </datafield>
</record>
